The Price System and Resource Allocation 10th Edition (Record no. 531304)
[ view plain ]
| 000 -LEADER | |
|---|---|
| fixed length control field | 00362nam a2200121Ia 4500 |
| 008 - FIXED-LENGTH DATA ELEMENTS--GENERAL INFORMATION | |
| fixed length control field | 191014s9999 xx 000 0 und d |
| 082 ## - DEWEY DECIMAL CLASSIFICATION NUMBER | |
| Classification number | 338.5 |
| Author Mark | LEF |
| 100 ## - MAIN ENTRY--PERSONAL NAME | |
| Personal name | Ross d. Eckert, Richard h. Leftwich |
| 9 (RLIN) | 24033 |
| 245 #4 - TITLE STATEMENT | |
| Title | The Price System and Resource Allocation 10th Edition |
| 260 ## - PUBLICATION, DISTRIBUTION, ETC. | |
| Place of publication, distribution, etc. | Pakistan |
| Name of publisher, distributor, etc. | National Books Fundation |
| 300 ## - PHYSICAL DESCRIPTION | |
| Extent | Xviii,648 |
| 942 ## - ADDED ENTRY ELEMENTS (KOHA) | |
| Koha item type | Book |
| Withdrawn status | Lost status | Damaged status | Not for loan | Permanent Location | Current Location | Date acquired | Source of acquisition | Cost, normal purchase price | Total Checkouts | Full call number | Barcode | Date last seen | Price effective from | Koha item type |
|---|---|---|---|---|---|---|---|---|---|---|---|---|---|---|
| School of Natural Sciences (SNS) | School of Natural Sciences (SNS) | 10/15/2019 | Donation | 0.00 | 338.5LEF | SNS0003081 | 10/15/2019 | 10/15/2019 | Book |
